000 00461cam a22001457a 4500
008 180718b2005 xxu||||| |||| 00| 0 eng d
100 _aImbs, Jean
245 _aThe overhang hangover
_cby Jean Imbs and Romain Ranciere
260 _aWashington, D.C.
_bWorld Bank
_c2005
300 _a43p.
440 _aPolicy research working paper; no. 3673
650 _aDebts, External --Case studies
650 _aDebts, Public --Case studies
700 _aRanciere, Romain
999 _c292494
_d292494